Länder Flaggen schwer - Statistiken

Allgemein
  • Dieses Quiz wurde 107 mal gespielt
  • Das Durchschnittsergebnis liegt bei 57 aus 73
Antwortstatistiken
Bildquiz Antwort % Korrekt
Tschad
91%
Angola
89%
Mosambik
89%
Uganda
89%
Kamerun
88%
Lesotho
88%
Myanmar
88%
Armenien
86%
Bahamas
86%
Demokratische Republik Kongo
86%
St. Lucia
86%
El Salvador
85%
Taiwan
85%
Zentralafrikanische Republik
85%
Eswatini
84%
Guatemala
84%
Madagaskar
84%
Botswana
83%
Burundi
83%
Dominikanische Republik
83%
Kuba
83%
Marshallinseln
83%
Mauretanien
83%
Nicaragua
83%
Papua-Neuguinea
83%
Tadschikistan
83%
Jemen
81%
Kuwait
81%
Liberia
81%
Suriname
81%
Burkina Faso
80%
Eritrea
80%
Komoren
80%
Senegal
80%
Tonga
80%
Brunei
79%
Guyana
79%
Oman
79%
Sambia
79%
Syrien
79%
Togo
79%
Mali
78%
Guinea
76%
Osttimor
76%
St. Vincent und die Grenadinen
76%
Mauritius
75%
Trinidad und Tobago
75%
Bolivien
74%
Dominica
74%
Grenada
74%
Jordanien
74%
Malawi
74%
Antigua und Barbuda
73%
Nauru
73%
Tansania
73%
Benin
71%
Sudan
71%
Tuvalu
71%
Vanuatu
71%
Ruanda
70%
Südsudan
70%
Republik Kongo
69%
Sierra Leone
69%
Simbabwe
69%
Dschibuti
68%
Namibia
68%
Samoa
68%
Äquatorial-Guinea
66%
Gambia
66%
Guinea-Bissau
66%
Salomonen
64%
Sao Tome und Principe
60%
St. Kitts und Nevis
60%
Keine übereinstimmenden Quizze gefunden
Verteilung der Resultate
Anzahl Personen mit jedem Resultat
Perzentil nach korrekt beantworteten Fragen
Ihre Resultats-Entwicklung
Sie haben dieses Quiz noch nicht gespielt